| 000 | 01946nam0a2200445 4500 | ||
|---|---|---|---|
| 001 | RU\NLR\bibl\1367190 | ||
| 005 | 20260405131732.0 | ||
| 010 |
_a978-5-89123-470-3 _96000 |
||
| 021 |
_aRU _b2009-19804 _91178 |
||
| 035 | _a(nilc)EL/0000249446 | ||
| 035 | _aBooks/529449 | ||
| 035 | _aRSL-KNO-004265324 | ||
| 035 | _a(NLR Aleph) 001359341 | ||
| 090 |
_a971188 _c971188 |
||
| 100 | _a20090226d2009 |||y0rusy50 ca | ||
| 101 | 0 | _arus | |
| 102 | _aRU | ||
| 105 | _aa ||||||||| | ||
| 200 | 1 |
_aКурс микроэкономики _eучебник для студентов высших учебных заведений, обучающихся по финансово-экономическим специальностям _fР. М. Нуреев |
|
| 205 | _a2-е изд., изм. | ||
| 210 |
_aМосква _cНорма _d2009 |
||
| 215 |
_a560, [1] с. _cил. _d22 |
||
| 225 | 1 | _aУчебник для вузов | |
| 300 | _aВ конце кн. авт.: Р.М. Нуреев, засл. работник высш. шк. РФ, д.э.н., проф. | ||
| 320 | _aБиблиогр.: с. 483-496 и в подстроч. прим. | ||
| 320 | _aДр. работы авт. в конце кн. | ||
| 320 | _aИмен. указ.: с. 558-560 | ||
| 606 | 1 |
_aМикроэкономика _jУчебники для высших учебных заведений _91617943 _3RU\NLR\auth\66713621 |
|
| 686 |
_a65.012.1я73 _vLBC/M _2rubbk |
||
| 686 |
_aУ018.5,094я73-1 _2rubbk |
||
| 686 | _aУ010.4я73 | ||
| 700 | 1 |
_4070 _8rus _7ca _aНуреев _bР. М. _f1950- _gРустем Махмутович _3RU\NLR\auth\7752704 _935637 |
|
| 801 | 0 |
_aRU _bВологодская ОУНБ _c20090226 _gRCR |
|
| 801 | 1 |
_aRU _bВологодская ОУНБ _c20090226 |
|
| 801 | 2 |
_aRU _bВологодская ОУНБ _c20090226 |
|
| 801 | 2 |
_aRU _bРГБ _c20090318 |
|
| 801 | 2 |
_aRU _bNLR _c20090508 _grcr |
|
| 942 | _cBOOK | ||
| 980 | _aNB | ||